000 00309nam a22001337a 4500
008 170821b xxu||||| |||| 00| 0 eng d
020 _a9780077439705
041 _aeng
080 _2 3ED
_a51
100 _a51
101 _aMAT
245 _aBEGINNING INTERMEDIATE ALGEBRA
_cHALL.J.W
942 _2udc
_cBK
999 _c24224
_d24224